000 00633nam a22002057a 4500
999 _c9326
_d9326
003 AR-CdUCM
008 190327b ||||| |||| 00| 0 spa d
040 _aMUNICIPALIDAD PROVINCIAL DEL CUSCO
_cBIBLIOTECA MUNICIPAL DEL CUSCO
082 _a869.96 /
_bC26
100 _aCartaña, Luis
_925443
245 _aLimites al mar /
260 _bVélez,
_c1978.
300 _a47 páginas ;
_c21 cm.
505 _aContenido : Invocación -- Simiente y apertura -- Situaciones -- Visiones -- Golpe de tierra ...
650 _aLiteratura
_983
650 _aPoemas
_9929
650 _aUniversal
_918236
942 _2ddc
_cLIBROS
945 _arah